| 000 | 00521nam a22001937a 4500 | ||
|---|---|---|---|
| 003 | OSt | ||
| 005 | 20180116183029.0 | ||
| 008 | 151217b xxu||||| |||| 00| 0 eng d | ||
| 020 | _a02-584-2002-2 | ||
| 024 | _202-584-2002-2 | ||
| 040 | _cLahore LUMS | ||
| 082 | _a174.4 LUM 2002 | ||
| 100 | _aSipra N | ||
| 245 |
_aA NOTE ON OPTION PRICING _cSipra N |
||
| 260 |
_aLahore LUMS _bLahore University of Management Sciences _c2202 |
||
| 300 |
_a12 p. _bPapers |
||
| 440 | _aA NOTE ON OPTION PRICING | ||
| 942 |
_2ddc _cCS |
||
| 999 |
_c350914 _d350914 |
||